Crónica del I Congreso Iberoamericano de Municipios (Madrid, Granada, Sevilla 1955) : (Record no. 46604)

MARC details
000 -LEADER
campo de control de longitud fija 00902nam a2200217 i 4500
001 - NÚMERO DE CONTROL
campo de control 46604
003 - IDENTIFICADOR DE NÚMERO DE CONTROL
campo de control ES-MaACL
005 - FECHA Y HORA DE LA ÚLTIMA TRANSACCIÓN
campo de control 20250827022414.0
007 - CAMPO FIJO DE DESCRIPCIÓN FÍSICA--INFORMACIÓN GENERAL
campo de control de longitud fija t|
008 - DATOS DE LONGITUD FIJA--INFORMACIÓN GENERAL
campo de control de longitud fija 030331s1955 sp 10110 spa d
111 2# - ENTRADA PRINCIPAL--NOMBRE DE CONGRESO/REUNIÓN
Nombre de congreso/reunión o jurisdicción como elemento de entrada Congreso Iberoamericano de Municipios (
Número del congreso/reunión o número de parte o sección 1º.
Fecha del congreso o de la firma del tratado 1955.
Sede del congreso/Lugar de la reunión Madrid, Granada, Sevilla)
9 (RLIN) 173565
245 10 - MENCIÓN DEL TÍTULO
Título Crónica del I Congreso Iberoamericano de Municipios (Madrid, Granada, Sevilla 1955) :
Resto del título sesiones de trabajo y actos sociales.
260 ## - PUBLICACIÓN, DISTRIBUCIÓN, ETC.
Lugar de publicación, distribución, etc. Madrid :
Nombre del editor, distribuidor, etc. Instituto de Estudios de Administración Local,
Fecha de publicación, distribución, etc. 1955.
300 ## - DESCRIPCIÓN FÍSICA
Extensión 1010 p. ;
Dimensiones 25 cm.
650 #4 - PUNTO DE ACCESO ADICIONAL DE MATERIA--TÉRMINO DE MATERIA
Término de materia o nombre geográfico como elemento de entrada Municipios-
Subdivisión de forma Congresos y asambleas.
9 (RLIN) 154075
650 #4 - PUNTO DE ACCESO ADICIONAL DE MATERIA--TÉRMINO DE MATERIA
Término de materia o nombre geográfico como elemento de entrada Administración local-
Subdivisión geográfica España-
Subdivisión de forma Congresos y asambleas.
9 (RLIN) 169227
650 #4 - PUNTO DE ACCESO ADICIONAL DE MATERIA--TÉRMINO DE MATERIA
Término de materia o nombre geográfico como elemento de entrada Administración municipal-
Subdivisión geográfica España.
9 (RLIN) 9642
710 2# - ENTRADA AGREGADA--NOMBRE DE ENTIDAD CORPORATIVA
Nombre de entidad corporativa o nombre de jurisdicción como elemento de entrada Instituto de Estudios de Administración Local (España)
9 (RLIN) 4893
852 ## - LOCALIZACIÓN
Ubicación ES-MaACL
Número de control de estantería C-17405
Holdings
Estatus retirado Estado de pérdida Estado de daño No para préstamo Biblioteca de origen Biblioteca actual Ubicación en estantería Fecha de adquisición Fuente de adquisición Total de préstamos Signatura topográfica completa Código de barras Visto por última vez Precio de reemplazo Tipo de ítem Koha
        Biblioteca del Ateneo de Madrid Biblioteca del Ateneo de Madrid Galería 17/01/2008     C-17405 1049013 23/02/2023 23/02/2023 Libro impreso